000 00780nam a22002057a 4500
999 _c7288
_d7288
003 AR-CdUCM
008 190320b ||||| |||| 00| 0 spa d
040 _aMUNICIPALIDAD PROVINCIAL DEL CUSCO
_cBIBLIOTECA MUNICIPAL DEL CUSCO
082 _a636.084 /
_bC74
100 _aConcellon Martinez, Antonio
_920548
245 _aNutricion Animal Practica /
260 _aEspaña :
_bAEDOS ,
_c1978.
300 _a203 páginas ;
_c20.2 cm.
505 _aContenido : Principios de Nutricion Animal -- Compuestos Organicos de Nutricion Animal -- Alimentos para el Ganado -- Digestion ; Absorcion y Utilizacion de los Alimentos...
650 _aAlimentacion de Animales
_920549
650 _aVeterinaria Ganadera
_920550
650 _aGanaderia
_9321
942 _2ddc
_cLIBROS
945 _artm